000 00295nam a22001337a 4500
008 181107b xxu||||| |||| 00| 0 eng d
020 _a9780716750352
041 _aeng
080 _a591
100 _a7
101 _aZOO
245 _aExploring Biomechanics
_cAlexander, R.M
942 _2udc
_cBK
999 _c52142
_d52142